Name a Valid Year Each War Occurred In - Statistics

General Stats
  • This quiz has been taken 22,837 times
    22,319 since last reset
  • The average score is 11 of 20
Answer Stats
War Years % Correct
World War 2 1939–1945
100%
World War 1 1914–1918
99%
Vietnam War 1955–1975
86%
Korean War 1950–1953
79%
American Revolutionary War 1775–1783
78%
American Civil War 1861–1865
69%
Gulf War 1990–1991
68%
Napoleonic Wars 1803–1815
63%
Hundred Years' War 1337–1453
60%
Iran–Iraq War 1980–1988
56%
The Crusades 1095–1291
55%
Spanish Civil War 1936–1939
49%
Winter War 1939–1940
43%
Algerian War 1954–1962
41%
Six Day War 1967
41%
Seven Years War 1756–1763
34%
Thirty Years War 1618–1648
32%
Crimean War 1853–1856
31%
English Civil War 1642–1651
30%
Second Congo War 1998–2003
23%
No matching quizzes found
Score Distribution
Percent of People with Each Score
Percentile by Number Answered
Your Score History
You have not taken this quiz since the last reset